00596 2200205 4500001002100000005001500021035002000036007000300056008004100059020002200100082001000122084001600132100001800148245003800166250001400204260008500218300005500303600001600358990001600374INLIS00000000000192020260611085526 a0010-0626000003ta260611 b 1 ind  a978-602-244-945-4 a741.5 a741.5 LEN t0 aLenny Ekawaty1 aTidak Bisa Tidak /cLenny Ekawaty acetakan 1 aJakarta selatan :bkementerian Pendidikan, Kebudayaan,Riset dan Teknologi,c2022 aiv, 34 Halaman :bIlustrasi berwarna ;c25 x 17 cm 4aCerita anak a00000003731